[Event "Guernsey Holiday 2013"]
[Site "Guernsey GCI"]
[Date "2013.10.20"]
[Round "1"]
[White "Keuneke, Hanno"]
[Black "Cook, Chris"]
[Result "1-0"]
[WhiteElo "1767"]
[BlackElo "1600"]
[PlyCount "85"]
[EventDate "2013.10.20"]
[EventType "swiss"]
[EventRounds "7"]
[SourceDate "2013.12.14"]

1. e4 d5 2. exd5 Qxd5 3. Nc3 Qd6 4. d4 Nf6 5. Nf3 c6 6. h3 Nbd7 7. Bc4 e6 8.
O-O Be7 9. Re1 O-O 10. Ne2 Nd5 11. Bb3 b5 12. c3 Bb7 13. Qd3 a6 14. Bc2 f5 15.
Ng3 c5 16. Qe2 Rae8 17. Qxe6+ Qxe6 18. Rxe6 Nc7 19. Re2 f4 20. Nf5 Nd5 21.
Nxe7+ Rxe7 22. Rxe7 Nxe7 23. Ng5 cxd4 24. cxd4 Rc8 25. Bxh7+ Kh8 26. Bd3 Nd5
27. Nf7+ Kg8 28. Nd6 Rc7 29. Nxb7 Rxb7 30. Be4 N7f6 31. Bxd5+ Nxd5 32. Bd2 Kf7
33. Rc1 Rb6 34. g4 g5 35. Kg2 Rh6 36. Rc5 Rd6 37. Kf3 Kf6 38. Ba5 Kg6 39. Ke4
Ne7 40. d5 Kf6 41. Bc3+ Kf7 42. Be5 Rd7 43. d6 1-0

[Event "Guernsey Holiday 2013"]
[Site "Guernsey GCI"]
[Date "2013.10.20"]
[Round "1"]
[White "Kershaw, Graham J"]
[Black "Goman, Colin"]
[Result "1-0"]
[WhiteElo "1736"]
[BlackElo "1556"]
[PlyCount "87"]
[EventDate "2013.10.20"]
[EventType "swiss"]
[EventRounds "7"]
[SourceDate "2013.12.14"]

1. e4 d6 2. d4 Nf6 3. Nc3 g6 4. Nf3 Bg7 5. Bc4 O-O 6. Qe2 c5 7. d5 Nbd7 8. O-O
a6 9. a4 b6 10. Bg5 Ng4 11. Qd2 Nde5 12. Nxe5 Nxe5 13. Be2 f5 14. Bh6 fxe4 15.
Bxg7 Kxg7 16. Nxe4 Bf5 17. Ng5 Rf6 18. f4 Nf7 19. g4 Bd7 20. Ne4 Nh8 21. Nxf6
exf6 22. Rae1 Bxa4 23. h4 a5 24. Rf3 Bd7 25. Re3 a4 26. Bf3 Nf7 27. Qg2 b5 28.
c3 c4 29. Re7 Kg8 30. Qf2 Ne5 31. fxe5 Qxe7 32. e6 Bc8 33. Be4 a3 34. bxa3 Rxa3
35. Re3 Ra1+ 36. Kg2 Qa7 37. Qxf6 Qa2+ 38. Kh3 Qa7 39. Re2 Ra3 40. e7 Bxg4+ 41.
Kxg4 Qg1+ 42. Bg2 h5+ 43. Kg5 Qc1+ 44. Qf4 1-0

[Event "Guernsey Holiday 2013"]
[Site "Guernsey GCI"]
[Date "2013.10.20"]
[Round "1"]
[White "Dokter, Marike"]
[Black "Norman, Dinah M"]
[Result "1/2-1/2"]
[WhiteElo "1552"]
[BlackElo "1736"]
[PlyCount "61"]
[EventDate "2013.10.20"]
[EventType "swiss"]
[EventRounds "7"]
[SourceDate "2013.12.14"]

1. e4 c6 2. Nf3 d5 3. Nc3 dxe4 4. Nxe4 Nd7 5. d4 Ngf6 6. Nxf6+ Nxf6 7. Be2 Bg4
8. h3 Bh5 9. O-O e6 10. c3 Be7 11. Ne5 Bxe2 12. Qxe2 O-O 13. Rd1 Re8 14. Bf4 a5
15. a4 Bf8 16. Bg3 h6 17. Qf3 Qd5 18. Qxd5 exd5 19. f3 Rac8 20. Re1 Red8 21.
Re2 Nd7 22. Rae1 Nxe5 23. Bxe5 f6 24. Bg3 Kf7 25. Kf2 Rd7 26. Re6 Be7 27. h4
Bf8 28. Bh2 Be7 29. Bg3 Bf8 30. h5 Be7 31. Bh2 1/2-1/2

[Event "Guernsey Holiday 2013"]
[Site "Guernsey GCI"]
[Date "2013.10.20"]
[Round "1"]
[White "Collins, Alan"]
[Black "Harnden, Terry"]
[Result "1/2-1/2"]
[WhiteElo "1720"]
[BlackElo "1527"]
[PlyCount "40"]
[EventDate "2013.10.20"]
[EventType "swiss"]
[EventRounds "7"]
[SourceDate "2013.12.14"]

1. d4 Nf6 2. Nf3 e6 3. Bf4 d5 4. e3 c5 5. c3 Nc6 6. Bd3 c4 7. Bc2 Be7 8. h3 O-O
9. Nbd2 b5 10. O-O a5 11. a3 Bd7 12. e4 dxe4 13. Nxe4 Nd5 14. Bd2 f5 15. Ng3
Be8 16. Ne5 Nxe5 17. dxe5 Bg5 18. Bxg5 Qxg5 19. Re1 Rd8 20. Qf3 Qf4 1/2-1/2

[Event "Guernsey Holiday 2013"]
[Site "Guernsey GCI"]
[Date "2013.10.20"]
[Round "1"]
[White "Kay, Robert"]
[Black "Savident, David"]
[Result "0-1"]
[WhiteElo "1528"]
[BlackElo "1714"]
[PlyCount "88"]
[EventDate "2013.10.20"]
[EventType "swiss"]
[EventRounds "7"]
[SourceDate "2013.12.14"]

1. f4 d5 2. e3 Nf6 3. Nf3 g6 4. b3 Bg7 5. Bb2 O-O 6. Be2 Nc6 7. O-O Bf5 8. a3
a6 9. Ne5 Nxe5 10. Bxe5 Ne4 11. Bxg7 Kxg7 12. d3 Nd6 13. Nd2 c6 14. Nf3 Nb5 15.
Qd2 Bg4 16. a4 Bxf3 17. Rxf3 Nd6 18. c4 dxc4 19. bxc4 Kg8 20. c5 Nf5 21. g4 Nd4
22. Rh3 Nb3 23. Qb2 Nxa1 24. Qxa1 Qd5 25. Qa3 Rad8 26. Rg3 e5 27. f5 e4 28. d4
gxf5 29. gxf5+ Kh8 30. Bg4 Rg8 31. Qb2 h5 32. Bh3 Rxg3+ 33. hxg3 Rg8 34. Kh2 f6
35. a5 Qf7 36. Qf2 Qc7 37. Qf4 Qxf4 38. gxf4 h4 39. Bg2 Rg3 40. Bxe4 Rxe3 41.
Bg2 Rd3 42. Bf1 Rxd4 43. Kh3 Rxf4 44. Bg2 Kg7 0-1

[Event "Guernsey Holiday 2013"]
[Site "Guernsey GCI"]
[Date "2013.10.20"]
[Round "1"]
[White "Glover, John"]
[Black "Day, Frederick"]
[Result "1-0"]
[WhiteElo "1712"]
[BlackElo "1512"]
[PlyCount "115"]
[EventDate "2013.10.20"]
[EventType "swiss"]
[EventRounds "7"]
[SourceDate "2013.12.14"]

1. Nf3 d5 2. c4 c6 3. g3 Nf6 4. b3 g6 5. Bb2 Bg7 6. Bg2 O-O 7. O-O Na6 8. d4
Nc7 9. Nbd2 Bd7 10. h3 Qc8 11. Kh2 Re8 12. Rc1 h6 13. Ne5 Bf5 14. Ndf3 Be4 15.
Nd3 Nd7 16. cxd5 Nxd5 17. Nfe1 Bxg2 18. Kxg2 Qb8 19. e4 N5f6 20. Qf3 e6 21. Nc2
Nh7 22. Qe3 a5 23. a4 b5 24. axb5 cxb5 25. Rb1 Ra7 26. Nc5 Qa8 27. f3 b4 28.
Na4 Rc7 29. Rfc1 Rec8 30. Qd2 Bf8 31. Ne3 Rc6 32. Rxc6 Rxc6 33. Rc1 h5 34. Rxc6
Qxc6 35. Nc4 Qc7 36. Qc1 h4 37. gxh4 Nhf6 38. Ne5 Qxc1 39. Bxc1 Bd6 40. Bg5 Bc7
41. Nxd7 Nxd7 42. Be7 Kg7 43. Nc5 Nxc5 44. Bxc5 f6 45. d5 exd5 46. exd5 Kf7 47.
Kf2 Ke8 48. Ke3 Kd7 49. Kd4 Be5+ 50. Kc4 f5 51. Kb5 Bd6 52. Bb6 Bg3 53. Bxa5
Kd6 54. Kc4 Be1 55. Bb6 Bxh4 56. Bc5+ Kc7 57. Bxb4 Bf6 58. Bc5 1-0

[Event "Guernsey Holiday 2013"]
[Site "Guernsey GCI"]
[Date "2013.10.20"]
[Round "1"]
[White "Svenneling, Matz"]
[Black "Van Hoek, Wim"]
[Result "0-1"]
[WhiteElo "1504"]
[BlackElo "1700"]
[PlyCount "50"]
[EventDate "2013.10.20"]
[EventType "swiss"]
[EventRounds "7"]
[SourceDate "2013.12.14"]

1. e4 e5 2. Nf3 Nc6 3. d4 exd4 4. Bc4 Nf6 5. e5 d5 6. exf6 dxc4 7. Qe2+ Be6 8.
fxg7 Bxg7 9. O-O O-O 10. Ng5 Qd5 11. Rd1 h6 12. Nf3 Bg4 13. Nbd2 d3 14. cxd3
cxd3 15. Qe4 Qxe4 16. Nxe4 Ne5 17. Bf4 Nxf3+ 18. gxf3 Bxf3 19. Re1 Rfe8 20. Ng3
Bxb2 21. Rab1 Rxe1+ 22. Rxe1 Bc3 23. Rc1 d2 24. Bxd2 Bxd2 25. Rxc7 Re8 0-1

[Event "Guernsey Holiday 2013"]
[Site "Guernsey GCI"]
[Date "2013.10.20"]
[Round "1"]
[White "Ruigrok, Jacques"]
[Black "Foran, Barry"]
[Result "1/2-1/2"]
[WhiteElo "1683"]
[BlackElo "1503"]
[PlyCount "49"]
[EventDate "2013.10.20"]
[EventType "swiss"]
[EventRounds "7"]
[SourceDate "2013.12.14"]

1. e4 c6 2. d4 d5 3. e5 c5 4. c3 Nc6 5. Nf3 Bf5 6. Bd3 Bxd3 7. Qxd3 e6 8. O-O
Qb6 9. Re1 Nge7 10. dxc5 Qxc5 11. Be3 Qa5 12. Na3 Nf5 13. Nb5 Be7 14. Nbd4
Nfxd4 15. Bxd4 O-O 16. h4 Rac8 17. Ng5 Bxg5 18. hxg5 Nxd4 19. cxd4 Rc6 20. a3
Rfc8 21. g3 Qb6 22. Qd2 Rc2 23. Rac1 Qc6 24. Rxc2 Qxc2 25. Re2 1/2-1/2

[Event "Guernsey Holiday 2013"]
[Site "Guernsey GCI"]
[Date "2013.10.20"]
[Round "1"]
[White "O'Connell, Dennis"]
[Black "Baart, Edwin"]
[Result "1-0"]
[WhiteElo "1488"]
[BlackElo "1681"]
[PlyCount "55"]
[EventDate "2013.10.20"]
[EventType "swiss"]
[EventRounds "7"]
[SourceDate "2013.12.14"]

1. e4 d6 2. d4 g6 3. Nc3 Bg7 4. Be3 Nf6 5. Qd2 O-O 6. Bh6 c5 7. Bxg7 Kxg7 8. d5
e5 9. O-O-O a6 10. h4 h5 11. Nh3 b5 12. f3 b4 13. Nb1 Bd7 14. Ng5 Bb5 15. c4
bxc3 16. Nxc3 Bxf1 17. Rhxf1 Nbd7 18. f4 Nh7 19. f5 Nxg5 20. hxg5 Qa5 21. f6+
Kh7 22. g4 Rab8 23. gxh5 Rxb2 24. hxg6+ Kxg6 25. Qxb2 Rb8 26. Qa1 Qa3+ 27. Kc2
Rb3 28. axb3 1-0

[Event "Guernsey Holiday 2013"]
[Site "Guernsey GCI"]
[Date "2013.10.20"]
[Round "1"]
[White "Gunn, Mike"]
[Black "Jones, Tim"]
[Result "1-0"]
[WhiteElo "1680"]
[BlackElo "1456"]
[PlyCount "89"]
[EventDate "2013.10.20"]
[EventType "swiss"]
[EventRounds "7"]
[SourceDate "2013.12.14"]

1. c4 Nf6 2. g3 e5 3. Bg2 Bc5 4. e3 c6 5. a3 a5 6. Ne2 d6 7. Nbc3 Bb6 8. d4 O-O
9. d5 Bd7 10. O-O c5 11. f4 Qe8 12. e4 Bg4 13. h3 Bxe2 14. Qxe2 Nbd7 15. f5 h6
16. g4 g5 17. fxg6 Kg7 18. gxf7 Rxf7 19. g5 Ng8 20. gxh6+ Kh7 21. Be3 Rxf1+ 22.
Rxf1 Qg6 23. Qg4 Qxg4 24. hxg4 Rf8 25. Rxf8 Nxf8 26. g5 Bd8 27. Bh3 Ne7 28.
Bf5+ Neg6 29. Kg2 Kh8 30. Kg3 Be7 31. Kg4 Kg8 32. Nb5 Kf7 33. Bd2 b6 34. Na7
Bd8 35. Nc6 Bc7 36. Na7 Bd8 37. Nb5 Be7 38. Nc3 Kg8 39. Ne2 Kf7 40. Kh5 Nh8 41.
Ng1 Nfg6 42. Be6+ Kf8 43. Nf3 Nf4+ 44. Bxf4 exf4 45. g6 1-0

[Event "Guernsey Holiday 2013"]
[Site "Guernsey GCI"]
[Date "2013.10.20"]
[Round "1"]
[White "Rowe, Oliver"]
[Black "Kearsley, Raymond J"]
[Result "1/2-1/2"]
[WhiteElo "1445"]
[BlackElo "1672"]
[PlyCount "78"]
[EventDate "2013.10.20"]
[EventType "swiss"]
[EventRounds "7"]
[SourceDate "2013.12.14"]

1. d4 Nf6 2. Nf3 g6 3. Bf4 Bg7 4. e3 c5 5. c3 cxd4 6. exd4 O-O 7. Be2 d6 8. O-O
Nh5 9. Bg5 Qc7 10. Nfd2 Nf6 11. Kh1 e5 12. dxe5 dxe5 13. f4 Nd5 14. fxe5 Qxe5
15. Nf3 Qe6 16. Bc4 Ne3 17. Bxe6 Nxd1 18. Bxf7+ Rxf7 19. Rxd1 Nc6 20. Re1 Bg4
21. Nbd2 h6 22. Bh4 g5 23. Bg3 Rd8 24. h3 Bh5 25. Re3 Rfd7 26. Nc4 Bxf3 27.
Rxf3 b5 28. Na3 a6 29. Raf1 Rd1 30. Nc2 Rxf1+ 31. Rxf1 Rd2 32. Rf2 Rxf2 33.
Bxf2 Ne5 34. Bd4 Nd3 35. Bxg7 Kxg7 36. b3 Nc1 37. Nb4 a5 38. Nc6 Nxa2 39. Nxa5
Nxc3 1/2-1/2

[Event "Guernsey Holiday 2013"]
[Site "Guernsey GCI"]
[Date "2013.10.20"]
[Round "1"]
[White "Joyeux, Gerard"]
[Black "Le Maitre, Richard"]
[Result "1/2-1/2"]
[WhiteElo "1651"]
[BlackElo "1423"]
[PlyCount "123"]
[EventDate "2013.10.20"]
[EventType "swiss"]
[EventRounds "7"]
[SourceDate "2013.12.14"]

1. d4 d5 2. e4 e6 3. e5 a6 4. Bd3 Nc6 5. c3 Nge7 6. Nf3 g6 7. Bg5 Bg7 8. Qd2 h6
9. Be3 Nf5 10. Bxf5 exf5 11. Na3 Be6 12. Nc2 Qe7 13. a3 Na5 14. Qe2 Nc4 15. Bc1
Na5 16. Nd2 c5 17. b4 cxb4 18. axb4 Nc4 19. Na3 Nxd2 20. Bxd2 Rc8 21. O-O O-O
22. Nc2 Qh4 23. Ne1 Qe4 24. Qd1 Qh4 25. Nd3 Qe7 26. Nc5 Rfd8 27. Re1 g5 28. Qe2
Re8 29. b5 axb5 30. Qxb5 Rb8 31. Ra7 Bc8 32. Nd3 Qd7 33. Qb3 Qc6 34. Nb4 Qc4
35. Qb2 Be6 36. Nc2 f4 37. Na3 Qc6 38. Rb1 Re7 39. Qa1 Bf5 40. Re1 Qb6 41. Ra4
Qc6 42. Qb2 Qxa4 43. Nb5 Qc4 44. Nd6 Qd3 45. Nxf5 Qxf5 46. Qc1 b5 47. Rd1 Rc7
48. Be1 b4 49. Qb2 Rcb7 50. cxb4 Bf8 51. h3 Bxb4 52. Bxb4 Rxb4 53. Qa3 Rb1 54.
Rxb1 Qxb1+ 55. Kh2 Qb3 56. Qd6 f3 57. Qxh6 fxg2 58. Qxg5+ Kf8 59. Qh6+ Ke7 60.
Qf6+ Kf8 61. Qh6+ Ke7 62. Qf6+ 1/2-1/2

[Event "Guernsey Holiday 2013"]
[Site "Guernsey GCI"]
[Date "2013.10.20"]
[Round "1"]
[White "Adrian, Louise"]
[Black "Jongerius, Marc"]
[Result "1-0"]
[WhiteElo "1403"]
[BlackElo "1642"]
[PlyCount "139"]
[EventDate "2013.10.20"]
[EventType "swiss"]
[EventRounds "7"]
[SourceDate "2013.12.14"]

1. d4 d5 2. c4 e6 3. Nf3 Nf6 4. Nc3 c6 5. cxd5 exd5 6. Qc2 Bb4 7. Bf4 Ne4 8.
Rc1 Bf5 9. Qb3 Qb6 10. e3 O-O 11. Be2 Bg4 12. Qc2 Bf5 13. Bd3 c5 14. O-O Bxc3
15. bxc3 c4 16. Bxe4 Bxe4 17. Qd2 Bxf3 18. gxf3 Qg6+ 19. Bg3 Nd7 20. Kh1 Qf5
21. Qe2 Rfe8 22. Rfe1 Nf6 23. Rb1 b6 24. Rb5 Qe6 25. Rg1 Nh5 26. Rbb1 f5 27.
Be5 Re7 28. Rg5 Nf6 29. Rbg1 Rf8 30. Qf1 g6 31. Qh3 Nd7 32. Bf4 Rg7 33. R5g3 b5
34. Bh6 Rff7 35. Bxg7 Rxg7 36. Qh4 Nf6 37. Qh3 Qe7 38. R3g2 a5 39. Qg3 Qd8 40.
Qe5 Kf7 41. Rb1 Qd7 42. Qb8 b4 43. cxb4 Rg8 44. Qb6 axb4 45. Qxb4 Ra8 46. Ra1
Ra4 47. Qb2 Qc6 48. Qc3 Qd6 49. Rgg1 Ra3 50. Qc2 f4 51. Rge1 fxe3 52. Rxe3 Rxe3
53. fxe3 Qa3 54. Qc1 Qd3 55. a4 Qe2 56. Qd1 Qxe3 57. a5 Qe7 58. a6 Qa7 59. Qd2
Nd7 60. Qb2 Nb8 61. Qb7+ Qxb7 62. axb7 Ke6 63. Ra8 Kd7 64. Rxb8 Kc7 65. Rd8
Kxb7 66. Rxd5 Kc6 67. Rc5+ Kd6 68. Rxc4 Kd5 69. Ra4 h5 70. Kg2 1-0

[Event "Guernsey Holiday 2013"]
[Site "Guernsey GCI"]
[Date "2013.10.20"]
[Round "1"]
[White "Derrick, Neil"]
[Black "Bennett, David"]
[Result "1-0"]
[WhiteElo "1640"]
[BlackElo "1392"]
[PlyCount "45"]
[EventDate "2013.10.20"]
[EventType "swiss"]
[EventRounds "7"]
[SourceDate "2013.12.14"]

1. d4 Nf6 2. c4 c5 3. d5 g6 4. Nc3 Bg7 5. e4 d6 6. Be2 O-O 7. f4 e6 8. Nf3 Na6
9. O-O Nc7 10. e5 dxe5 11. fxe5 Nd7 12. d6 Na6 13. Bf4 f6 14. exf6 Bxf6 15. Qd2
Qa5 16. Bh6 Re8 17. Ng5 Bd4+ 18. Kh1 Bg7 19. Bxg7 Kxg7 20. Rf7+ Kg8 21. Qf4 Qd8
22. Rf1 Nf8 23. Qe5 1-0

[Event "Guernsey Holiday 2013"]
[Site "Guernsey GCI"]
[Date "2013.10.20"]
[Round "1"]
[White "Newrick, William R"]
[Black "Stanners, Michael"]
[Result "0-1"]
[WhiteElo "1392"]
[BlackElo "1640"]
[PlyCount "42"]
[EventDate "2013.10.20"]
[EventType "swiss"]
[EventRounds "7"]
[SourceDate "2013.12.14"]

1. d4 d6 2. Nf3 Bg4 3. e4 Nf6 4. Nc3 c6 5. Be2 e6 6. h3 Bh5 7. O-O Be7 8. Be3
d5 9. e5 Nfd7 10. Na4 O-O 11. Nc5 Nxc5 12. dxc5 Nd7 13. b4 Bxf3 14. Bxf3 Nxe5
15. Bd4 Nxf3+ 16. Qxf3 Bf6 17. Bxf6 Qxf6 18. Qxf6 gxf6 19. a4 a5 20. b5 cxb5
21. axb5 Rfc8 0-1

[Event "Guernsey Holiday 2013"]
[Site "Guernsey GCI"]
[Date "2013.10.20"]
[Round "1"]
[White "Beadle, John"]
[Black "Adrian, Lucien"]
[Result "1-0"]
[WhiteElo "1624"]
[BlackElo "1383"]
[PlyCount "55"]
[EventDate "2013.10.20"]
[EventType "swiss"]
[EventRounds "7"]
[SourceDate "2013.12.14"]

1. e4 e6 2. d4 d5 3. Nc3 Bb4 4. Bd3 Nc6 5. Nf3 dxe4 6. Bxe4 Nf6 7. Bxc6+ bxc6
8. O-O O-O 9. Bg5 Ba6 10. Re1 h6 11. Bxf6 Qxf6 12. Ne5 Qh4 13. Nxc6 Bd6 14. Ne5
Bb7 15. Qg4 Qf6 16. Nd7 Qe7 17. Nxf8 Rxf8 18. Nb5 a6 19. Nxd6 Qxd6 20. c3 Qd5
21. Re5 Qc6 22. Rc5 Qb6 23. Qe2 e5 24. Qc2 exd4 25. cxd4 Re8 26. Qb3 Qg6 27.
Qxb7 Qe6 28. Re5 1-0

[Event "Guernsey Holiday 2013"]
[Site "Guernsey GCI"]
[Date "2013.10.20"]
[Round "1"]
[White "Kaye, Mike"]
[Black "Borland, Tom"]
[Result "1/2-1/2"]
[WhiteElo "1368"]
[BlackElo "1615"]
[PlyCount "53"]
[EventDate "2013.10.20"]
[EventType "swiss"]
[EventRounds "7"]
[SourceDate "2013.12.14"]

1. d4 d5 2. e3 Nf6 3. Nd2 e6 4. Ngf3 c5 5. c3 Nc6 6. Bd3 Be7 7. O-O O-O 8. Ne5
Qc7 9. f4 Bd7 10. Rf3 g6 11. Rh3 Rac8 12. Qf3 Be8 13. Qg3 Kg7 14. Ndf3 Nxe5 15.
fxe5 Ng8 16. e4 cxd4 17. cxd4 dxe4 18. Bxe4 f5 19. exf6+ Bxf6 20. Be3 Qxg3 21.
Rxg3 Bc6 22. Bxc6 Rxc6 23. Rd1 Ne7 24. Rh3 Rd8 25. Bg5 Bxg5 26. Nxg5 h6 27. Ne4
1/2-1/2

[Event "Guernsey Holiday 2013"]
[Site "Guernsey GCI"]
[Date "2013.10.20"]
[Round "1"]
[White "Roberts, Malcolm A"]
[Black "Adrian, Leopold"]
[Result "1-0"]
[WhiteElo "1608"]
[BlackElo "1333"]
[PlyCount "69"]
[EventDate "2013.10.20"]
[EventType "swiss"]
[EventRounds "7"]
[SourceDate "2013.12.14"]

1. e4 e6 2. d4 d5 3. e5 c5 4. c3 Qb6 5. Nf3 Bd7 6. Qc2 Bb5 7. Be2 Bxe2 8. Qxe2
Nc6 9. Be3 cxd4 10. cxd4 Nh6 11. Nc3 Nf5 12. Rd1 Be7 13. O-O O-O 14. b3 Bb4 15.
Qd3 Rac8 16. Nxd5 exd5 17. Qxf5 Qa5 18. a4 Qb6 19. Qg4 Bc3 20. Bh6 g6 21. Bxf8
Rxf8 22. Rd3 Qxb3 23. Rc1 Qb2 24. Rdxc3 Qb6 25. g3 Qb4 26. Rc5 Qxa4 27. Rxd5
Nb4 28. Rd6 Nd3 29. Rf1 Qb4 30. Qd7 a5 31. e6 fxe6 32. Qxe6+ Kh8 33. Ng5 a4 34.
Rd7 Nxf2 35. Rxh7# 1-0

[Event "Guernsey Holiday 2013"]
[Site "Guernsey GCI"]
[Date "2013.10.20"]
[Round "1"]
[White "Le Messurier, Rosemary"]
[Black "Finch, Russell"]
[Result "0-1"]
[WhiteElo "1210"]
[BlackElo "1606"]
[PlyCount "98"]
[EventDate "2013.10.20"]
[EventType "swiss"]
[EventRounds "7"]
[SourceDate "2013.12.14"]

1. e4 c5 2. Nc3 Nc6 3. Bc4 e6 4. Nf3 Nge7 5. a3 g6 6. d3 Bg7 7. O-O O-O 8. Be3
d5 9. exd5 exd5 10. Bxd5 Nxd5 11. Bxc5 Nxc3 12. bxc3 Re8 13. d4 Be6 14. a4 Bc4
15. Re1 Rxe1+ 16. Qxe1 Bd5 17. Rd1 Qd7 18. Ne5 Nxe5 19. dxe5 Qc6 20. Bb4 Re8
21. Bd6 Bxg2 22. f4 Bh3 23. Qg3 Qb6+ 24. Qf2 Qxf2+ 25. Kxf2 Rd8 26. c4 h5 27.
Rd3 Bf5 28. Rd2 Bh6 29. Re2 Bxf4 30. h4 f6 31. c3 Kf7 32. Bc7 Rd2 33. e6+ Bxe6
34. Bxf4 Rxe2+ 35. Kxe2 Bxc4+ 36. Ke3 Ke6 37. Kd4 Bd5 38. c4 Bc6 39. a5 a6 40.
c5 Kf5 41. Bd6 Kg4 42. Be7 Kxh4 43. Bxf6+ Kg4 44. Be5 h4 45. Ke3 g5 46. Kf2 Kf5
47. Bh2 g4 48. Bd6 g3+ 49. Kg1 Kg4 0-1

[Event "Guernsey Holiday 2013"]
[Site "Guernsey GCI"]
[Date "2013.10.20"]
[Round "1"]
[White "Haisma, Henk"]
[Black "Brown, Jim"]
[Result "1-0"]
[WhiteElo "1606"]
[BlackElo "1168"]
[PlyCount "80"]
[EventDate "2013.10.20"]
[EventType "swiss"]
[EventRounds "7"]
[SourceDate "2013.12.14"]

1. b4 c6 2. Bb2 d6 3. e3 Nd7 4. d4 Ngf6 5. Nd2 e6 6. c4 d5 7. a3 Be7 8. Ngf3 h6
9. Qc2 O-O 10. c5 a6 11. Bd3 Re8 12. O-O Nf8 13. Ne5 Qc7 14. f4 Bd8 15. Rf3
N6h7 16. Raf1 f6 17. Ng6 f5 18. Ne5 Nf6 19. h3 Nh5 20. g4 Nf6 21. gxf5 exf5 22.
Bxf5 Bxf5 23. Qxf5 Qc8 24. Qc2 Nh5 25. Ng6 Qe6 26. f5 Qf6 27. Kh1 Bc7 28. Rg1
Ng3+ 29. Rfxg3 Bxg3 30. Rxg3 Nh7 31. Nf4 Ng5 32. Kh2 Re7 33. Ng6 Ree8 34. Ne5
Rad8 35. e4 h5 36. exd5 Rxd5 37. Ndf3 Nxf3+ 38. Rxf3 h4 39. Qg2 g5 40. fxg6 Qe6
1-0

[Event "Guernsey Holiday 2013"]
[Site "Guernsey GCI"]
[Date "2013.10.21"]
[Round "2"]
[White "Stanners, Michael"]
[Black "Keuneke, Hanno"]
[Result "1-0"]
[WhiteElo "1640"]
[BlackElo "1767"]
[PlyCount "59"]
[EventDate "2013.10.20"]
[EventType "swiss"]
[EventRounds "7"]
[SourceDate "2013.12.14"]

1. d4 Nf6 2. Nf3 g6 3. Bg5 Bg7 4. Nbd2 c5 5. e3 cxd4 6. exd4 O-O 7. Bd3 d5 8.
O-O Nc6 9. c3 Qc7 10. Re1 Re8 11. Ne5 Nxe5 12. Rxe5 e6 13. Re1 Nh5 14. Nf3 f6
15. Bd2 Bd7 16. Rc1 b5 17. b3 Nf4 18. Bf1 e5 19. dxe5 fxe5 20. Bxf4 exf4 21.
Qxd5+ Kh8 22. Rxe8+ Rxe8 23. Bxb5 Bxb5 24. Qxb5 Rd8 25. c4 Bb2 26. Re1 Kg7 27.
h3 Bc3 28. Re2 Qd6 29. Qb7+ Kh6 30. Qe4 1-0

[Event "Guernsey Holiday 2013"]
[Site "Guernsey GCI"]
[Date "2013.10.21"]
[Round "2"]
[White "Hoogakker, Peter"]
[Black "Beadle, John"]
[Result "1/2-1/2"]
[WhiteElo "1763"]
[BlackElo "1624"]
[PlyCount "63"]
[EventDate "2013.10.20"]
[EventType "swiss"]
[EventRounds "7"]
[SourceDate "2013.12.14"]

1. e4 c6 2. d4 d5 3. Nc3 dxe4 4. Nxe4 Bf5 5. Ng3 Bg6 6. Nf3 Nf6 7. Bc4 e6 8.
O-O Be7 9. Re1 h6 10. Qe2 Nbd7 11. c3 O-O 12. Nh4 Bh7 13. Nhf5 Bxf5 14. Nxf5
exf5 15. Qxe7 Qxe7 16. Rxe7 Rae8 17. Rxe8 Rxe8 18. f3 Nd5 19. Bxd5 cxd5 20. Kf2
Nf6 21. h4 Kh7 22. Bd2 a6 23. Re1 Rxe1 24. Kxe1 Kg8 25. Ke2 Kf8 26. Ke3 Ke7 27.
Kd3 Kd7 28. b3 b5 29. c4 bxc4+ 30. bxc4 dxc4+ 31. Kxc4 Kc6 32. a3 1/2-1/2

[Event "Guernsey Holiday 2013"]
[Site "Guernsey GCI"]
[Date "2013.10.21"]
[Round "2"]
[White "Roberts, Malcolm A"]
[Black "Kershaw, Graham J"]
[Result "1/2-1/2"]
[WhiteElo "1608"]
[BlackElo "1736"]
[PlyCount "46"]
[EventDate "2013.10.20"]
[EventType "swiss"]
[EventRounds "7"]
[SourceDate "2013.12.14"]

1. e4 e6 2. Nf3 d5 3. exd5 exd5 4. d4 Be7 5. Bd3 Nf6 6. Bf4 O-O 7. O-O Bg4 8.
h3 Bh5 9. Nbd2 Bd6 10. Bxd6 Qxd6 11. c3 Nbd7 12. Qc2 c5 13. b3 Rfe8 14. Rfe1 b6
15. Rac1 Nf8 16. Bb5 Rxe1+ 17. Rxe1 Bg6 18. Bd3 Rc8 19. Bxg6 Nxg6 20. Qf5 Rd8
21. Ne5 Ne7 22. Qd3 Rc8 23. Ndf3 Ne4 1/2-1/2

[Event "Guernsey Holiday 2013"]
[Site "Guernsey GCI"]
[Date "2013.10.21"]
[Round "2"]
[White "Savident, David"]
[Black "Haisma, Henk"]
[Result "1/2-1/2"]
[WhiteElo "1714"]
[BlackElo "1606"]
[PlyCount "46"]
[EventDate "2013.10.20"]
[EventType "swiss"]
[EventRounds "7"]
[SourceDate "2013.12.14"]

1. e4 c5 2. d4 cxd4 3. Nf3 Nc6 4. Nxd4 e5 5. Nb5 d6 6. c4 a6 7. N5c3 h6 8. Be3
Nf6 9. Be2 Be6 10. O-O Be7 11. f3 g5 12. Nd2 Nh5 13. Nd5 Nf4 14. Nb3 Bxd5 15.
cxd5 Na5 16. Rf2 O-O 17. Bf1 Rc8 18. Nxa5 Qxa5 19. Rc2 Rxc2 20. Qxc2 Bd8 21.
Qb3 b5 22. Rc1 Bb6 23. a3 Rb8 1/2-1/2

[Event "Guernsey Holiday 2013"]
[Site "Guernsey GCI"]
[Date "2013.10.21"]
[Round "2"]
[White "Finch, Russell"]
[Black "Glover, John"]
[Result "1/2-1/2"]
[WhiteElo "1606"]
[BlackElo "1712"]
[PlyCount "66"]
[EventDate "2013.10.20"]
[EventType "swiss"]
[EventRounds "7"]
[SourceDate "2013.12.14"]

1. f4 Nf6 2. e3 c5 3. Nf3 g6 4. Be2 Bg7 5. O-O O-O 6. d3 d5 7. Nc3 b6 8. e4
dxe4 9. dxe4 Bb7 10. Qxd8 Rxd8 11. e5 Ne4 12. Rd1 Rxd1+ 13. Nxd1 Nc6 14. c3 Rd8
15. Nf2 Nxf2 16. Kxf2 e6 17. Be3 Ne7 18. Rd1 Rxd1 19. Bxd1 h6 20. Be2 Nf5 21.
Bc1 Bf8 22. g3 Be7 23. g4 Nh4 24. Kg3 Nxf3 25. Bxf3 Ba6 26. h4 Bd3 27. g5 hxg5
28. hxg5 Kf8 29. Be3 Ke8 30. Kf2 Kd8 31. Be2 Bb1 32. a3 Kc7 33. Bb5 Kd8 1/2-1/2

[Event "Guernsey Holiday 2013"]
[Site "Guernsey GCI"]
[Date "2013.10.21"]
[Round "2"]
[White "Van Hoek, Wim"]
[Black "Kerr, Matthew"]
[Result "1-0"]
[WhiteElo "1700"]
[BlackElo "1434"]
[PlyCount "69"]
[EventDate "2013.10.20"]
[EventType "swiss"]
[EventRounds "7"]
[SourceDate "2013.12.14"]

1. e4 e5 2. Nf3 Nc6 3. Bc4 h6 4. d4 exd4 5. Nxd4 Ne5 6. Be2 Nf6 7. Nc3 Bb4 8.
f3 d6 9. O-O a6 10. f4 Bxc3 11. bxc3 Ned7 12. Bf3 O-O 13. Re1 Re8 14. Nb3 Nb6
15. a4 Nc4 16. Qd3 d5 17. e5 Nh7 18. Bxd5 Nb6 19. Be4 Qxd3 20. cxd3 Nd7 21. Ba3
Ra7 22. a5 b6 23. axb6 cxb6 24. Bd6 Ndf8 25. Nd4 Bd7 26. Reb1 b5 27. Nxb5 Bxb5
28. Rxb5 Ne6 29. Rb8 Rxb8 30. Bxb8 Rd7 31. Rxa6 Nxf4 32. Bd6 Ne2+ 33. Kf2 Nxc3
34. Ra8+ Nf8 35. Rxf8# 1-0

[Event "Guernsey Holiday 2013"]
[Site "Guernsey GCI"]
[Date "2013.10.21"]
[Round "2"]
[White "O'Connell, Dennis"]
[Black "Gunn, Mike"]
[Result "1-0"]
[WhiteElo "1488"]
[BlackElo "1680"]
[PlyCount "61"]
[EventDate "2013.10.20"]
[EventType "swiss"]
[EventRounds "7"]
[SourceDate "2013.12.14"]

1. e4 e6 2. Nf3 d5 3. Nc3 Nf6 4. e5 Nfd7 5. d4 c5 6. dxc5 Bxc5 7. Bd3 Nc6 8.
Bf4 Qb6 9. O-O Qxb2 10. Nb5 Qb4 11. Bd2 Qg4 12. Nc7+ Kd8 13. Nxa8 f6 14. h3 Qh5
15. exf6 gxf6 16. Nh2 Qf7 17. Ng4 b6 18. Nh6 Qe7 19. Qh5 Nce5 20. Bf4 Bb7 21.
Nc7 Kxc7 22. Rae1 Kc8 23. Bb5 Rf8 24. Qe2 d4 25. Ba6 Qg7 26. Bxb7+ Kxb7 27.
Qe4+ Kc7 28. Ng4 f5 29. Bxe5+ Nxe5 30. Qxe5+ Qxe5 31. Nxe5 1-0